| 000 | 00536nam a22001817a 4500 | ||
|---|---|---|---|
| 003 | CEME | ||
| 005 | 20210628204041.0 | ||
| 008 | 210126b xxu||||| |||| 00| 0 eng d | ||
| 020 | _a1-58053-317-5 | ||
| 040 | _c. | ||
| 082 | _a621.367 CHA | ||
| 100 |
_aChan, Andrew .K:Peng, Cheng _968450 |
||
| 245 | _aWavelets for sensing technologies | ||
| 260 |
_aBOSTON _bARTECH HOUSE _c2003 |
||
| 300 | _aXI,237P | ||
| 650 |
_aWAVELETS -MATHEMATIC, IMAGING SYSTEMS, REMOTE SENSING- MATHEMATICS. SENSING TECHNOLOGIES _968451 |
||
| 942 |
_cBK _2ddc |
||
| 999 |
_c576026 _d576026 |
||